Statistics for UK Towns Quiz - Leicestershire - Extreme

Click here to take the quiz!

General Stats

  • This quiz has been taken 12 times
  • The average score is 19 of 77

Answer Stats

CluePopulationName of Town% Correct
L406,588Leicester
100%
L13,846Leicester Forest East
100%
L64,884Loughborough
88%
C21,988Coalville
75%
L10,521Lutterworth
75%
A15,120Ashby-de-la-Zouch
63%
M27,457Melton Mowbray
63%
S13,619Syston
63%
W34,738Wigston
63%
B14,088Blaby
50%
E10,879Earl Shilton
50%
G4,058Great Glen
50%
H50,712Hinckley
50%
H1,218Husbands Bosworth
50%
M2,104Market Bosworth
50%
M24,171Market Harborough
50%
O24,040Oadby
50%
C7,675Countesthorpe
38%
E13,190Enderby
38%
S14,875Shepshed
38%
A7,038Anstey
25%
A1,301Appleby Magna
25%
B6,825Barrow upon Soar
25%
B9,148Barwell
25%
B3,046Bottesford
25%
B9,647Broughton Astley
25%
G6,560Groby
25%
I6,806Ibstock
25%
K4,290Kegworth
25%
K7,325Kibworth Beauchamp
25%
M5,374Measham
25%
M3,199Moira
25%
M12,885Mountsorrel
25%
R4,264Ratby
25%
S3,260Sapcote
25%
S4,088Stoney Stanton
25%
T9,508Thurmaston
25%
U1,161Ullesthorpe
25%
B2,563Barlestone
13%
B1,261Burton on the Wolds
13%
C7,346Castle Donington
13%
C3,517Cosby
13%
D3,814Desford
13%
E2,894East Goscote
13%
F4,924Fleckney
13%
G1,237Gilmorton
13%
H2,351Hathern
13%
M4,759Markfield
13%
Q3,093Queniborough
13%
Q5,574Quorndon
13%
S8,959Sileby
13%
S2,007Stoke Golding
13%
T1,652Thurcaston
13%
W1,034Waltham on the Wolds
13%
W1,616Woodhouse Eaves
13%
W1,367Wymeswold
13%
A2,758Asfordby
0%
B1,872Bagworth
0%
B14,313Birstall
0%
B1,070Blackfordby
0%
C1,746Croft
0%
C1,119Cropston
0%
D1,204Donisthorpe
0%
E2,966Ellistown
0%
G1,511Great Bowden
0%
H1,068Heather
0%
H1,735Houghton on the Hill
0%
H4,633Hugglescote
0%
H2,165Huncote
0%
L1,917Littlethorpe
0%
L1,156Long Whatton
0%
N3,092Newbold Verdon
0%
R1,882Ravenstone
0%
R1,181Rearsby
0%
S1,065Sharnford
0%
T1,031Thornton
0%
W10,451Whitwick
0%

Score Distribution

Percentile by Number Answered

Percent of People with Each Score

Your Score History

You have not taken this quiz